000 00632nam a2200253Ia 4500
003 OSt
005 20221007101209.0
006 a|||||r|||| 00| 0
007 ta
008 221006b |||||||| |||| 00| 0 eng d
024 _a6,023
037 _cTextual
040 _aLCO
_cLCO
_beng
041 _2eng
_aeng
082 _aW.1, k8
100 _aDYKE VERNON VAN
245 0 _aInternational Politics.
250 _a2
260 _aBombay
_bVakil & Simson Ltd.
_c1968
300 _a527
650 _aINTERNATIONAL POLITICS
_9650663
942 _hW.1, k8
_cTEXL
999 _c1175586
_d1175586